000 00824nam a22002057a 4500
005 20260511112458.0
008 260511b |||||||| |||| 00| 0 eng d
040 _cCRL
041 _aਪੰਜਾਬੀ
100 _aਕੌਰ, ਮਨਪ੍ਰੀਤ
_9814195
245 _aਪੰਜਾਬੀ ਨਾਵਲ ਵਿੱਚ ਨਾਈਕ ਦੀ ਬਿੱਬ ਸਿਰਜਣਾ ਦੇ ਵਿਚਰਧਾਰਾਈ ਆਧਾਰ
_c/ ਮਨਪ੍ਰੀਤ ਕੌਰ
260 _aਦਿੱਲੀ:
_bਯੂਨੀਵਰਸਿਟੀ ਔਫ ਦਿੱਲੀ,
_c2025.
300 _a274 ਪ.
502 _bPh.D.
_cUniversity of Delhi
650 _aPunjabi Literature
700 _aਗੋਜਰਾ, ਕੁਲਵੀਰ
_91238937
710 _bਪੰਜਾਬੀ ਵਿਭਾਗ
_91238938
942 _cTH
999 _c1851163
_d1851163